[Event "Tom Weston Major op"]
[Site "Cardiff"]
[Date "2009.04.13"]
[Round "7"]
[White "Day, Sean"]
[Black "Vickery, Steve"]
[Result "0-1"]
[WhiteElo "1401"]
[BlackElo "1653"]
[PlyCount "86"]
[EventDate "2009.04.10"]
[EventType "swiss"]
[EventRounds "7"]
[EventCountry "WLS"]
[SourceTitle "EXT 2011"]
[Source "ChessBase"]
[SourceDate "2010.11.26"]
[SourceVersion "1"]
[SourceVersionDate "2010.11.26"]
[SourceQuality "1"]

1. Nf3 Nf6 2. c4 c5 3. g3 b6 4. e3 Bb7 5. Bg2 g6 6. d4 cxd4 7. exd4 e6 8. Nc3 Bg7 9. Be3 0-0 10. 0-0 d5 11. cxd5 Nxd5 12. Nxd5 Bxd5 13. Qd2 Nd7 14. Bh6 Rc8 15. Bxg7 Kxg7 16. b3 Nf6 17. Rac1 Ne4 18. Qd3 Qd6 19. Nd2 Nxd2 20. Qxd2 Bxg2 21. Kxg2 Rfd8 22. Rfd1 Qd5+ 23. Kg1 Rxc1 24. Rxc1 Rd7 25. Rc4 e5 26. Rc3 Qxd4 27. Qxd4 exd4 28. Rd3 Kf6 29. f3 Ke5 30. Kf2 Rc7 31. Rd2 f5 32. Re2+ Kd5 33. Rd2 b5 34. Ke2 b4 35. h3 Rc3 36. Kf2 g5 37. Ke2 f4 38. Kf2 d3 39. gxf4 gxf4 40. Ke1 Kd4 41. h4 Rc1+ 42. Rd1 Rxd1+ 43. Kxd1 Ke3 0-1

[Event "Tom Weston Major op"]
[Site "Cardiff"]
[Date "2009.04.11"]
[Round "2"]
[White "Cleverly, David"]
[Black "Day, Sean"]
[Result "1-0"]
[WhiteElo "1710"]
[BlackElo "1401"]
[PlyCount "33"]
[EventDate "2009.04.10"]
[EventType "swiss"]
[EventRounds "7"]
[EventCountry "WLS"]
[SourceTitle "EXT 2011"]
[Source "ChessBase"]
[SourceDate "2010.11.26"]
[SourceVersion "1"]
[SourceVersionDate "2010.11.26"]
[SourceQuality "1"]

1. e4 d5 2. exd5 Qxd5 3. Nc3 Qa5 4. Bc4 Nf6 5. d3 c6 6. Bd2 Qc7 7. Nge2 Bf5 8. Ng3 Bg6 9. 0-0 e6 10. Nce4 Nbd7 11. Qf3 Nxe4 12. Nxe4 Ne5 13. Qe2 Nxc4 14. dxc4 Rd8 15. Bc3 f6 16. Nxf6+ Kf7 17. Rfe1 1-0